000 00445nam a2200181Ia 4500
005 20250603145336.0
008 250603s9999 xx 000 0 und d
020 _a1555630618
050 _aTN 871.35 .M43/
100 _aRollins, Dale R...(et al)
245 0 _aMeasurement while drilling : no. (40)
260 _aTaxas
260 _bSociety of petroleum engineers
260 _c1995
300 _a225 p
650 _aTaxas
942 _cBK
999 _c41580
_d41580